One Piece - éliminations par catégories #2 - Statistiques

Statistiques générales
  • Ce quiz a été pris 217 fois
  • Le résultat moyen est 12 sur 20
Statistiques - réponses
Catégories nbr particularité réponse % Correct
Catégorie Violette 30 Personnage de la race des géant 🆗
95%
Catégorie Violette 18 ... qui est affilié à Erbaf 🆗
93%
Catégorie Orange 46 Capitaine pirate ( sauf Luffy ) 🆗
93%
Catégorie Orange 24 ... qui a mangé un fruit du démon 🆗
93%
Catégorie Orange 14 ... qui n'a pas été battu par Luffy 🆗
90%
Catégorie Violette 9 ... qui est un pirate 🆗
83%
Catégorie Bleue 47 Roi ou Reine 🆗
83%
Catégorie Bleue 24 ... qui n'a pas un nom de nourriture ou de voiture 🆗
83%
Catégorie Orange 4 ... détenteur d'un fluide royal 🆗
74%
Catégorie Bleue 11 ... qui est ou a été pirate 🆗
74%
Catégorie Bleue 5 ... qui n'a pas de fruit du démon 🆗
57%
Catégorie Bleue 1 ... qui a refusé de rejoindre définitivement un certain équipage Vivi
57%
Catégorie Noire 9 Fruit du démon mangé 2 fois 🆗
47%
Catégorie Orange 1 ... et héritier de la volonté du D. Ace
41%
Catégorie Noire 8 ... qui n'est pas un Logia 🆗
40%
Catégorie Noire 6 ... qui n'a pas été raflé par l'équipage de Barbe Noire 🆗
34%
Catégorie Violette 2 ... qui a travaillé avec le Cipher Pol 🆗
32%
Catégorie Violette 1 ... et qui a actuellement 153 ans Oimo
29%
Catégorie Noire 3 ... qui a été éveillé au moins une fois 🆗
23%
Catégorie Noire 1 ... et ayant autrefois appartenu à l'équipage des Rocks Magnéto – fruit
18%
Aucun quiz correspondant
Distribution des résultats
% des personnes avec chaque résultat
Percentile par nombre de réponses
Votre historique - résultats
Vous n’avez pas pris ce quiz